000 00682nam a2200217 a 4500
005 20210223123838.0
008 991125n 000 0 spa u
035 _aUPN01000073062
100 _aBOLIVAR BOTIA, Antonio, 1952-
_931294
222 _aREVISTA DE CIENCIAS DE LA EDUCACION (Madrid, España)
245 _aDivisión y secuencia de los contenidos curriculares en la reforma : razones y aspectos críticos
300 _a545-556
362 _a1993 No. 156, (oct.-dic.)
653 0 _aCURRICULUM
653 0 _aDESARROLLO CURRICULAR
653 0 _aDISEÑO CURRICULAR
653 0 _aESPAÑA
653 0 _aREFORMA CURRICULAR
904 _aAC
_b010873
905 _aArticulo
999 _c66208
_d66208